|
|
|
|
| LEADER |
00000nam0a2200000 4500 |
| 001 |
69058 |
| 005 |
20231031075353.0 |
| 035 |
|
|
|a (RuTPU)RU\TPU\book\73546
|
| 090 |
|
|
|a 69058
|
| 100 |
|
|
|a 20041016d1976 m y0rusy50 ca
|
| 101 |
0 |
|
|a rus
|
| 102 |
|
|
|a RU
|
| 105 |
|
|
|a a j 001zy
|
| 200 |
1 |
|
|a Космические методы в геологии
|e учебное пособие
|f Я. Г. Кац, А. Г. Рябухин, Д. М. Трофимов
|g Под ред. В. Е. Хаина
|
| 210 |
|
|
|a Москва
|c Изд-во МГУ
|d 1976
|
| 215 |
|
|
|a 248 с.
|c ил.
|
| 320 |
|
|
|a Библиогр.: с. 242-246
|
| 610 |
1 |
|
|a геология
|
| 610 |
1 |
|
|a исследования
|
| 610 |
1 |
|
|a космические методы
|
| 610 |
1 |
|
|a космофотоснимки
|
| 610 |
1 |
|
|a дешифрование
|
| 610 |
1 |
|
|a электромагнитные колебания
|
| 610 |
1 |
|
|a инфракрасная съемка
|
| 610 |
1 |
|
|a примеры
|
| 610 |
1 |
|
|a учебные пособия
|
| 675 |
|
|
|a 550.814(075.8)
|v 3
|
| 700 |
|
1 |
|a Кац
|b Я. Г.
|g Яков Григорьевич
|
| 701 |
|
1 |
|a Рябухин
|b А. Г.
|g Анатолий Георгиевич
|
| 701 |
|
1 |
|a Трофимов
|b Д. М.
|g Дмитрий Михайлович
|
| 702 |
|
1 |
|a Хаин
|b В. Е.
|4 340
|
| 801 |
|
1 |
|a RU
|b 63413507
|c 20041016
|g PSBO
|
| 801 |
|
2 |
|a RU
|b 63413507
|c 20161031
|g PSBO
|
| 942 |
|
|
|c BK
|